000 00262nam a22001217a 4500
008 170715b xxu||||| |||| 00| 0 eng d
041 _aeng
080 _a2
100 _a24
101 _ateo
245 _aGOD, ALLAH, AND JU JU
_cMENDELSOHN, J
942 _2udc
_cBK
999 _c21172
_d21172